| 000 | 00826nam a2200253Ia 4500 | ||
|---|---|---|---|
| 003 | OSt | ||
| 005 | 20220923211430.0 | ||
| 006 | a|||||r|||| 00| 0 | ||
| 007 | ta | ||
| 008 | 220922b |||||||| |||| 00| 0 hin d | ||
| 020 |
_a9789350000137 (hbk) _c200 |
||
| 024 | _a242,148 | ||
| 037 |
_b487, 03/03/2010, Vani Prakashan _cTextual |
||
| 040 |
_aARTS _cARTS _bhin |
||
| 041 |
_2hin _ahin |
||
| 082 | _aO152,1N60x, P9 | ||
| 100 | _aविमल कुमार | ||
| 245 | 0 | _aपानी का दुखड़ा | |
| 246 | _aPānī kā dukhaड़ā | ||
| 260 |
_aनयी दिल्ली _b वाणी प्रकाशन _c2009 |
||
| 300 |
_a136पृ. _ccm. |
||
| 942 |
_hO152,1N60x, P9 _cTEXL _2CC |
||
| 999 |
_c299392 _d299392 |
||